| 000 | 00590nam a2200229Ia 4500 | ||
|---|---|---|---|
| 003 | BUBTL | ||
| 008 | 151213s9999 xx 000 0 und d | ||
| 020 | _a81-7012-586-3 | ||
| 082 | _a346 / Si643p / 2000 | ||
| 100 |
_aSingh, Avtar _94218 |
||
| 245 |
_aPrinciples of Mercantile Law _cAvtar Singh |
||
| 250 | _a7th | ||
| 260 |
_aLucknow _bEaster Book _cc2000 |
||
| 300 |
_a956 p. : _c22 cm. |
||
| 521 | _aIncludes Index | ||
| 650 | _aLaw | ||
| 650 |
_aLaw _94219 |
||
| 700 |
_aAvtar Singh _94220 |
||
| 856 |
_k0 _l0 _yDownload |
||
| 942 |
_2ddc _cBK |
||
| 999 |
_c1079 _d1079 |
||